000 00617nam a2200193 a 4500
005 20210219160215.0
008 080925s1981 mx r 000 0 spa d
035 _aUPN01000160939
049 _aUNE
080 _aDO 341.16: 001 (093.2) 1981RES 112a
110 2 _aUNESCO. Consejo Ejecutivo
_n(112a :
_d1981 :
_cParis)
245 1 0 _aActas Resumidas
260 _aParís :
_bUNESCO,
_c1981.
300 _a177 p.
500 _aIncluye texto en inglés, francés, ruso, chino y español
690 _aAcuerdos- Consejo ejecutivo de la UNESCO
690 _aConsejo ejecutivo de la UNESCO- Acuerdos
905 _aUNESCO
999 _c133052
_d133052